000 00928cab a2200313 4500
001 ABS51941
008 090401t1994 xxu||||| |||| 00| 0 eng d
035 _a(Sirsi) u51990
041 _aeng
100 _aChudleigh, J.
245 _aEC procurement legislation
260 _c1994
350 _a0
490 _aArchitects` Journal
_v200(24) 21 December 1994, 46-47(2)
520 _aExamines compliance with EC procurement regulations, methods of tendering and spread and growth of tendering procedures by state.
650 _aADVERTISING
650 _aDESIGN CONTESTS
650 _aDIRECTIVE 92/50/EEC
650 _aEC DIRECTIVES
650 _aEC LEGISLATION
650 _aEUROPEAN UNION
650 _aProcurement-old
650 _aTENDERING
650 _aUtilities
_96272
690 _aBUILT ENVIRONMENT-BUILDING CONTRACT FORMS
690 _aEUROPE-SINGLE MARKET
942 _n0
948 _c04/03/1997
999 _c32250
_d32250